10 największych miast w lubelskim - Statystyki

Ogólne statystyki
  • Ten quiz został rozwiązany 175 razy
  • Średni wynik to 7 z 10
Statystyki odpowiedzi
Liczba ludności Miasto % Poprawnych
339 682 Lublin
100%
63 813 Zamość
90%
62 670 Chełm
83%
57 352 Biała Podlaska
75%
47 774 Puławy
74%
34 539 Kraśnik
62%
39 312 Świdnik
57%
21 995 Lubartów
55%
26 391 Biłgoraj
52%
30 025 Łuków
48%
Nie znaleziono quizów pasujących do podanych kryteriów
Rozkład punktacji
Procent ludzi z każdym wynikiem
Percentyl według liczby udzielonych odpowiedzi
Twoja historia wyników
Nie rozwiązałeś tego quizu